<?xml version="1.0" encoding="UTF-8"?>
<record
    xmlns:xsi="http://www.w3.org/2001/XMLSchema-instance"
    xsi:schemaLocation="http://www.loc.gov/MARC21/slim http://www.loc.gov/standards/marcxml/schema/MARC21slim.xsd"
    xmlns="http://www.loc.gov/MARC21/slim">

  <leader>01629nam2a2200313   4500</leader>
  <controlfield tag="001">RU\NLR\BIBL_A\022347495</controlfield>
  <controlfield tag="005">20251003104854.0</controlfield>
  <datafield tag="010" ind1=" " ind2=" ">
    <subfield code="a">978-5-00217-372-3</subfield>
    <subfield code="9">30</subfield>
  </datafield>
  <datafield tag="021" ind1=" " ind2=" ">
    <subfield code="a">RU</subfield>
    <subfield code="b">&#x41A;&#x41D;-&#x41F;-24-049330</subfield>
    <subfield code="9">&#x41A;&#x41D;-&#x41F;-24-4902</subfield>
  </datafield>
  <datafield tag="035" ind1=" " ind2=" ">
    <subfield code="a">(NLR Aleph) 022347495</subfield>
  </datafield>
  <datafield tag="090" ind1=" " ind2=" ">
    <subfield code="a">13259512</subfield>
    <subfield code="c">13259512</subfield>
  </datafield>
  <datafield tag="100" ind1=" " ind2=" ">
    <subfield code="a">20241009d2024    k  y0rusy50      ca</subfield>
  </datafield>
  <datafield tag="101" ind1="0" ind2=" ">
    <subfield code="a">rus</subfield>
  </datafield>
  <datafield tag="102" ind1=" " ind2=" ">
    <subfield code="a">RU</subfield>
  </datafield>
  <datafield tag="105" ind1=" " ind2=" ">
    <subfield code="a">a   z   000yy</subfield>
  </datafield>
  <datafield tag="200" ind1="1" ind2=" ">
    <subfield code="a">&#x420;&#x430;&#x434;&#x438;&#x430;&#x446;&#x438;&#x43E;&#x43D;&#x43D;&#x430;&#x44F; &#x440;&#x430;&#x434;&#x438;&#x43E;&#x433;&#x440;&#x430;&#x444;&#x438;&#x44F; &#x438; &#x442;&#x43E;&#x43C;&#x43E;&#x433;&#x440;&#x430;&#x444;&#x438;&#x44F;</subfield>
    <subfield code="a">&#x41D;&#x435;&#x439;&#x442;&#x440;&#x43E;&#x43D;&#x44B; &#x438; &#x438;&#x441;&#x441;&#x43B;&#x435;&#x434;&#x43E;&#x432;&#x430;&#x43D;&#x438;&#x435; &#x433;&#x435;&#x43E;&#x444;&#x438;&#x437;&#x438;&#x447;&#x435;&#x441;&#x43A;&#x438;&#x445; &#x441;&#x43A;&#x432;&#x430;&#x436;&#x438;&#x43D;</subfield>
  </datafield>
  <datafield tag="210" ind1=" " ind2=" ">
    <subfield code="d">2024</subfield>
  </datafield>
  <datafield tag="215" ind1=" " ind2=" ">
    <subfield code="a">176 &#x441;.</subfield>
    <subfield code="c">&#x438;&#x43B;., &#x446;&#x432;. &#x438;&#x43B;., &#x442;&#x430;&#x431;&#x43B;.</subfield>
  </datafield>
  <datafield tag="320" ind1=" " ind2=" ">
    <subfield code="a">&#x411;&#x438;&#x431;&#x43B;&#x438;&#x43E;&#x433;&#x440;. &#x432; &#x43A;&#x43E;&#x43D;&#x446;&#x435; &#x433;&#x43B;.</subfield>
  </datafield>
  <datafield tag="461" ind1=" " ind2="0">
    <subfield code="1">001RU\NLR\BIBL_A\022061503</subfield>
    <subfield code="1">2001#$a&#x418;&#x437;&#x431;&#x440;&#x430;&#x43D;&#x43D;&#x44B;&#x435; &#x43B;&#x435;&#x43A;&#x446;&#x438;&#x438; &#x43F;&#x43E; &#x43D;&#x435;&#x439;&#x442;&#x440;&#x43E;&#x43D;&#x43D;&#x43E;&#x439; &#x444;&#x438;&#x437;&#x438;&#x43A;&#x435;$f&#x411;&#x430;&#x440;&#x43C;&#x430;&#x43A;&#x43E;&#x432; &#x42E;. &#x41D;., &#x41C;&#x438;&#x43A;&#x435;&#x440;&#x43E;&#x432; &#x412;. &#x418;., &#x42E;&#x440;&#x43A;&#x43E;&#x432; &#x414;. &#x418;.$v&#x41A;&#x43D;. 2</subfield>
    <subfield code="1">700#1$a&#x411;&#x430;&#x440;&#x43C;&#x430;&#x43A;&#x43E;&#x432;$b&#x42E;. &#x41D;.$f1932-$g&#x42E;&#x440;&#x438;&#x439; &#x41D;&#x438;&#x43A;&#x43E;&#x43B;&#x430;&#x435;&#x432;&#x438;&#x447;</subfield>
    <subfield code="9">12629121</subfield>
    <subfield code="a">&#x411;&#x430;&#x440;&#x43C;&#x430;&#x43A;&#x43E;&#x432;, &#x42E;. &#x41D;. (1932-)</subfield>
    <subfield code="c">&#x41C;&#x43E;&#x441;&#x43A;&#x432;&#x430;</subfield>
    <subfield code="d">2023</subfield>
    <subfield code="f">&#x411;&#x430;&#x440;&#x43C;&#x430;&#x43A;&#x43E;&#x432; &#x42E;. &#x41D;., &#x41C;&#x438;&#x43A;&#x435;&#x440;&#x43E;&#x432; &#x412;. &#x418;., &#x42E;&#x440;&#x43A;&#x43E;&#x432; &#x414;. &#x418;.</subfield>
    <subfield code="n">&#x42D;&#x434;&#x438;&#x442;&#x443;&#x441;</subfield>
    <subfield code="t">&#x418;&#x437;&#x431;&#x440;&#x430;&#x43D;&#x43D;&#x44B;&#x435; &#x43B;&#x435;&#x43A;&#x446;&#x438;&#x438; &#x43F;&#x43E; &#x43D;&#x435;&#x439;&#x442;&#x440;&#x43E;&#x43D;&#x43D;&#x43E;&#x439; &#x444;&#x438;&#x437;&#x438;&#x43A;&#x435;</subfield>
    <subfield code="v">&#x41A;&#x43D;. 2</subfield>
  </datafield>
  <datafield tag="606" ind1="1" ind2=" ">
    <subfield code="a">&#x41D;&#x435;&#x439;&#x442;&#x440;&#x43E;&#x43D;&#x43D;&#x44B;&#x435; &#x433;&#x435;&#x43D;&#x435;&#x440;&#x430;&#x442;&#x43E;&#x440;&#x44B;</subfield>
    <subfield code="9">1363721</subfield>
    <subfield code="3">RU\NLR\AUTH\66256476</subfield>
  </datafield>
  <datafield tag="606" ind1="1" ind2=" ">
    <subfield code="a">&#x41A;&#x430;&#x440;&#x43E;&#x442;&#x430;&#x436; &#x440;&#x430;&#x434;&#x438;&#x43E;&#x430;&#x43A;&#x442;&#x438;&#x432;&#x43D;&#x44B;&#x439;</subfield>
    <subfield code="9">1351744</subfield>
    <subfield code="3">RU\NLR\AUTH\66249951</subfield>
  </datafield>
  <datafield tag="606" ind1="1" ind2=" ">
    <subfield code="a">&#x41A;&#x430;&#x440;&#x43E;&#x442;&#x430;&#x436; &#x43D;&#x435;&#x439;&#x442;&#x440;&#x43E;&#x43D;&#x43D;&#x44B;&#x439;</subfield>
    <subfield code="9">1261902</subfield>
    <subfield code="3">RU\NLR\AUTH\66518187</subfield>
  </datafield>
  <datafield tag="686" ind1="1" ind2=" ">
    <subfield code="a">&#x414;443.426</subfield>
  </datafield>
  <datafield tag="686" ind1="1" ind2=" ">
    <subfield code="a">&#x412;381.25</subfield>
  </datafield>
  <datafield tag="942" ind1=" " ind2=" ">
    <subfield code="c">BOOK</subfield>
  </datafield>
  <datafield tag="980" ind1=" " ind2=" ">
    <subfield code="a">NB</subfield>
  </datafield>
  <datafield tag="995" ind1=" " ind2=" ">
    <subfield code="5">2024-10-09</subfield>
    <subfield code="a">ad</subfield>
    <subfield code="b">NLR01</subfield>
    <subfield code="c">NLR01</subfield>
    <subfield code="e">RF</subfield>
    <subfield code="f">1-4722924</subfield>
    <subfield code="k">2023-3/22560</subfield>
    <subfield code="o">0</subfield>
    <subfield code="r">BOOK</subfield>
    <subfield code="s">2023322560_</subfield>
  </datafield>
  <datafield tag="995" ind1=" " ind2=" ">
    <subfield code="5">2024-10-09</subfield>
    <subfield code="a">ad</subfield>
    <subfield code="b">NLR01</subfield>
    <subfield code="c">NLR01</subfield>
    <subfield code="e">RF81</subfield>
    <subfield code="f">1-4722923</subfield>
    <subfield code="k">2023-3/22560</subfield>
    <subfield code="o">0</subfield>
    <subfield code="r">BOOK</subfield>
    <subfield code="s">2023322560_</subfield>
  </datafield>
</record>
